000 00620nam a2200193 4500
005 20260430113458.0
008 260430b |||||||| |||| 00| 0 eng d
020 _a0295977078X
037 _cGeneral Book
040 _aRTL
_cRTL
084 _aY:5.252, N8
_qRTL
100 _aFreed, Stanley A
_91236061
245 _aHindu festival in a Indian village
260 _c1998
_aSeatle
_bAmerican useum of natural history
300 _avii, 326 p. : ill.
_bIncludes bibliographical references and index
650 _aSociology
700 _aFreed, Ruth S
_eCo-author
_972500
942 _2CC
_n0
_cGB
_hY:5.252, N8
999 _c1848651
_d1848651